00588 2200217 4500001002100000005001500021035002000036007000300056008004100059020001800100082000800118084001400126100003100140245008000171250001100251260003400262300003200296650002100328990001000349990001100359INLIS00000000001326420220713021431 a0010-0722000748ta220713 g 0 ind  a9786022622123 a664 a664 FIT t0 aFITRIYONO, ayustaningwarno1 aTeknologi pangan :bTeori praktis dan aplikasi /cFitriyono Ayustaningwarno acet. 1 aSemarang :bGraha ilmu,c2014 aviii, 118 hlm ;c23 x 16 cm 4aTeknologi pangan a15767 a15767a